Aqeeda-E-Aakhirat Ke Aqli Dalaail (Record no. 2023)

MARC details
000 -LEADER
fixed length control field 00574nam a2200241 a 4500
020 ## - INTERNATIONAL STANDARD BOOK NUMBER
ISBN
082 00 - DEWEY DECIMAL CLASSIFICATION NUMBER
Classification number 297.23
Author Cutter IMA
100 ## - MAIN ENTRY--AUTHOR NAME
Author name Imamuddim, Abu Mohd
245 ## - TITLE STATEMENT
Title Aqeeda-E-Aakhirat Ke Aqli Dalaail
260 ## - PUBLICATION, DISTRIBUTION, ETC. (IMPRINT)
Place of publication
Name of publisher
Year of publication 1963
300 ## - PHYSICAL DESCRIPTION
Number of Pages 92p
500 ## - GENERAL NOTE
General note includes index and biblioraphy
505 2# - FORMATTED CONTENTS NOTE
Formatted contents note Epilogue, Notes
650 ## - SUBJECT ADDED ENTRY--TOPICAL TERM
Topical Term Eschatology-Islamic
942 ## - ADDED ENTRY ELEMENTS (KOHA)
Koha item type Books
700 1# -
-- Imamuddim, Abu Mohd
Holdings
Collection code Home library Current library Date acquired Cost, normal purchase price Full call number Accession Number Koha item type
  Henry Martyn Institute Library Henry Martyn Institute Library 07/13/2007 0.80 297.23 IMA 03203 Books
                   Copyright © 2026 | Henry Martyn Institute | Hyderabad | TS-500052 | INDIA | Implemented by hmi.edu.in
Hit-Count:

Powered by Koha